| Tag |
First Indicator |
Second Indicator |
Subfields |
| LEADER |
00000cam a2200000 a 4500 |
| 001 |
in00002786670 |
| 005 |
20211120170335.0 |
| 006 |
m d f |
| 007 |
cr bn||||||||| |
| 008 |
110111s1985 dcu o f000 0 eng c |
| 035 |
|
|
|a (OCoLC)ocn696144992
|
| 040 |
|
|
|a CUS
|c CUS
|d GPO
|d MvI
|d UtOrBLW
|
| 042 |
|
|
|a pcc
|
| 049 |
|
|
|a WWW
|
| 074 |
|
|
|a 0443-B (online)
|
| 086 |
0 |
|
|a FR 1.62:269
|
| 100 |
1 |
|
|a Schinasi, Garry J.
|
| 245 |
1 |
0 |
|a Canadian financial markets :
|b the Government's proposal for reform /
|c by Garry J. Schinasi.
|
| 264 |
|
1 |
|a [Washington, D.C.] :
|b [Board of Governors of the Federal Reserve System],
|c [1985]
|
| 300 |
|
|
|a 1 online resource (29 unnumbered pages).
|
| 336 |
|
|
|a text
|b txt
|2 rdacontent
|
| 337 |
|
|
|a computer
|b c
|2 rdamedia
|
| 338 |
|
|
|a online resource
|b cr
|2 rdacarrier
|
| 490 |
1 |
|
|a International finance discussion papers ;
|v number 269
|
| 500 |
|
|
|a Title from title screen (viewed on Oct. 31, 2012).
|
| 500 |
|
|
|a "November 13, 1985."
|
| 500 |
|
|
|a Electronic resource.
|
| 650 |
|
0 |
|a Financial institutions
|z Canada.
|
| 650 |
|
0 |
|a Banking law
|z Canada.
|
| 710 |
2 |
|
|a Board of Governors of the Federal Reserve System (U.S.)
|
| 776 |
0 |
8 |
|i Print version:
|a Schinasi, Garry J.
|t Canadian financial markets
|w (OCoLC)13387183
|
| 830 |
|
0 |
|a International finance discussion papers ;
|v 269.
|
| 856 |
4 |
0 |
|u https://purl.fdlp.gov/GPO/gpo30659
|t 0
|
| 999 |
|
|
|a MARS
|
| 999 |
f |
f |
|s e5fe2396-cd2f-3e0d-96cc-7fd3a87cb355
|i 319ea1e2-8d7a-3cb3-850b-76d72cf79b1f
|t 0
|
| 952 |
f |
f |
|a Texas A&M University
|b College Station
|c Electronic Resources
|d Available Online
|t 0
|e FR 1.62:269
|h Superintendent of Documents classification
|
| 998 |
f |
f |
|a FR 1.62:269
|t 0
|l Available Online
|